[Event "American Continental 16th"]
[Site "San Salvador"]
[Date "2022.05.03"]
[Round "3"]
[White "Zometa, Miguel"]
[Black "Arias Gaviria, Mario Alexis"]
[Result "0-1"]
[WhiteElo "1865"]
[BlackElo "2181"]
[PlyCount "72"]
[EventDate "2022.05.02"]
[EventType "swiss"]
[EventRounds "11"]
[EventCountry "ESA"]
[SourceTitle "CBM 208 Extra"]
[Source "ChessBase"]
[SourceDate "2022.07.31"]
[SourceVersion "1"]
[SourceVersionDate "2022.07.31"]
[SourceQuality "1"]

1. Nf3 Nf6 2. g3 g6 3. Bg2 Bg7 4. d3 0-0 5. 0-0 d5 6. Nbd2 d4 7. Re1 Nc6 8. a4 Nd5 9. Nc4 e5 10. e4 Nb6 11. Bd2 h6 12. a5 Nxc4 13. dxc4 Be6 14. b3 Qd7 15. a6 b6 16. Rf1 Bg4 17. Qc1 Kh7 18. Nh4 Rae8 19. f3 Be6 20. f4 exf4 21. gxf4 Bh3 22. f5 Bxg2 23. Nxg2 Rxe4 24. f6 Bh8 25. Bxh6 Rc8 26. Bg5 Qg4 27. h3 Qg3 28. Bf4 Qxh3 29. Rf2 Qg4 30. Qf1 Ne5 31. Rd1 c5 32. Kh2 Qh5+ 33. Kg1 Ng4 34. Rfd2 Bxf6 35. Bg3 Qh3 36. Qf3 Re3 0-1